00245nam a22000737a 4500100003000000245010300030260002900133300000900162 aAtapattu, Harindi Randila aAnalysis of lead and Cadmium and some quality Parmeters in soap available in the Srilankan Market/ aClombo:bIchemc, c2016. a43p;